| 000 | 00658nam a22002417a 4500 | ||
|---|---|---|---|
| 003 | OSt | ||
| 005 | 20220107122800.0 | ||
| 008 | 150506b xxu||||| |||| 00| 0 eng d | ||
| 020 | _a9788126550807 | ||
| 040 | _cIIITMK | ||
| 082 | _a658.404 MAN/ P | ||
| 100 |
_aMantel, Samuel J. _96859 |
||
| 245 | _aProject Management Core Textbook | ||
| 250 | _a2nd Indian Edition | ||
| 260 |
_aNew Delhi _bWiley _c2014 |
||
| 300 |
_axviii, 346p. _e2 CD ROM |
||
| 650 |
_aPROJECT MANAGEMENT _96860 |
||
| 700 |
_aMeredith, Jack R. _96861 |
||
| 700 |
_aShafer, Scott M. _96862 |
||
| 700 |
_aSutton, Margaret M. _96863 |
||
| 700 |
_aGopalan, M R _96864 |
||
| 942 |
_2ddc _cBK |
||
| 999 |
_c4698 _d4698 |
||